[Event "Ukrainian Championship Club's Teams"]
[Site "Alushta"]
[Date "2008.05.28"]
[Round "9.1"]
[White "Melkumyan, Hrant"]
[Black "Iljin, Timofey"]
[Result "1-0"]
[WhiteElo "2534"]
[BlackElo "2440"]
[PlyCount "127"]
[EventDate "2008.05.21"]

1. d4 Nf6 2. c4 e6 3. Nf3 d5 4. g3 dxc4 5. Bg2 Nc6 6. Qa4 Bb4+ 7. Bd2 Nd5 8.
Bxb4 Ndxb4 9. a3 b5 10. Qxb5 Nc2+ 11. Kd2 Nxa1 12. Qxc6+ Bd7 13. Qxc4 c5 14.
Nc3 Qb6 15. Kd3 Nb3 16. Ne5 Rc8 17. d5 Nd4 18. Nxd7 Kxd7 19. e3 Nf5 20. Bh3
Rhd8 21. Kc2 Ke7 22. Bxf5 exf5 23. Rd1 Kf8 24. Rd3 h6 25. h4 Rc7 26. b3 a5 27.
Na4 Qd6 28. Kb1 Re8 29. Nc3 Rb8 30. Ka2 Rcb7 31. Na4 Rb5 32. Nb2 Re8 33. Qc2
Rd8 34. Nc4 Qe7 35. d6 Qe6 36. Qd1 Rdb8 37. Rd5 Rd8 38. Re5 Qf6 39. h5 Rbb8 40.
Qd5 Rd7 41. Qxc5 Rbd8 42. Qxa5 Qg5 43. Rxf5 Qg4 44. Rd5 Qe4 45. Rd2 Qb7 46. Qd5
Qa8 47. a4 Qxd5 48. Rxd5 f6 49. e4 Kf7 50. Rc5 Ke6 51. Rc6 Ra7 52. Rb6 Rc8 53.
Kb2 Rc5 54. g4 Rg5 55. f3 Kd7 56. Rb8 Rc5 57. Kc3 Ke6 58. Kd4 Rg5 59. b4 g6 60.
Re8+ Kf7 61. Rh8 Ke6 62. f4 Rxg4 63. hxg6 Rxf4 64. Re8+ 1-0

[Event "Ukrainian Championship Club's Teams"]
[Site "Alushta"]
[Date "2008.05.28"]
[Round "9.1"]
[White "Dmitrenko, Viktor"]
[Black "Kravtsiv, Martyn"]
[Result "0-1"]
[WhiteElo "2352"]
[BlackElo "2533"]
[PlyCount "42"]
[EventDate "2008.05.21"]

1. a3 Nf6 2. Nf3 e6 3. c4 d5 4. e3 c5 5. d4 b6 6. Nc3 Be7 7. cxd5 exd5 8. Bb5+
Bd7 9. Be2 Be6 10. Ne5 O-O 11. O-O Qc8 12. Qa4 Rd8 13. Bf3 Qb7 14. Rd1 a6 15.
dxc5 bxc5 16. e4 d4 17. Bg5 dxc3 18. Bxf6 gxf6 19. Rxd8+ Bxd8 20. Qe8+ Kg7 21.
Qxd8 Nc6 0-1

[Event "Ukrainian Championship Club's Teams"]
[Site "Alushta"]
[Date "2008.05.28"]
[Round "9.2"]
[White "Seletsky, Grigory"]
[Black "Onischuk, Vladimir"]
[Result "0-1"]
[WhiteElo "2310"]
[BlackElo "2494"]
[PlyCount "138"]
[EventDate "2008.05.21"]

1. e4 g6 2. d4 Bg7 3. Nc3 c6 4. Nf3 d6 5. Be3 Nf6 6. h3 O-O 7. Bd3 Nbd7 8. O-O
e5 9. Qd2 b5 10. Ne2 Bb7 11. Ng3 a6 12. c3 Re8 13. Bh6 Nf8 14. Rfe1 N6d7 15.
Rad1 Qe7 16. Bc2 Rad8 17. Bb3 Ne6 18. Nh2 Bxh6 19. Qxh6 Qg5 20. Qxg5 Nxg5 21.
dxe5 dxe5 22. Ng4 Kg7 23. h4 h5 24. Nxe5 Nh3+ 25. Kh2 Nxe5 26. Kxh3 Ng4 27. Nh1
c5 28. f3 Rxd1 29. Bxd1 Ne5 30. Be2 f5 31. Nf2 fxe4 32. Nxe4 Bxe4 33. fxe4 Rd8
34. Rd1 Rxd1 35. Bxd1 Nd3 36. Be2 Nxb2 37. Kg3 Nc4 38. Kf4 Kf6 39. Bd3 Ne5 40.
Be2 Nc6 41. a3 Ne5 42. Bf1 Nc6 43. Be2 $11 Ne5 44. Bf1 c4 45. Be2 a5 46. Bf1
Nc6 47. Be2 b4 48. axb4 axb4 49. cxb4 c3 50. Bd3 Nxb4 51. e5+ Kg7 52. Ke3 c2
53. Bxc2 Nxc2+ 54. Kf4 Nd4 55. g4 Ne6+ 56. Kf3 hxg4+ 57. Kxg4 Kh6 58. Kf3 Kh5
59. Kg3 Nd4 60. Kh3 Ne2 61. Kh2 Nf4 62. Kg3 Ne6 63. Kh3 Nd4 64. Kg3 Nf5+ 65.
Kf4 Kxh4 66. e6 Ne7 67. Ke5 g5 68. Kf6 Nc6 69. Kf5 Nd4+ 0-1

[Event "Ukrainian Championship Club's Teams"]
[Site "Alushta"]
[Date "2008.05.28"]
[Round "9.3"]
[White "Pavlov, Maxim"]
[Black "Stoockalov, Vladimir L"]
[Result "1-0"]
[WhiteElo "2342"]
[BlackElo "2295"]
[PlyCount "71"]
[EventDate "2008.05.21"]

1. e4 c5 2. Nf3 g6 3. d4 cxd4 4. Qxd4 Nf6 5. e5 Nc6 6. Qa4 Nd5 7. Qe4 Nc7 8.
Nc3 Bg7 9. Bf4 b5 10. Bxb5 Nxb5 11. Nxb5 Qa5+ 12. Nc3 Rb8 13. O-O Rxb2 14. Nd5
O-O 15. c4 Ba6 16. Rac1 Qxa2 17. Nd4 Nxd4 18. Nxe7+ Kh8 19. Qxd4 Rc2 20. Rxc2
Qxc2 21. Rc1 Qe2 22. Nd5 d6 23. Ne3 dxe5 24. Bxe5 f6 25. Bd6 Re8 26. h3 f5 27.
Qxa7 Qb2 28. Rf1 Bb7 29. Qa3 Qe2 30. Qb3 Be4 31. c5 Qa6 32. Qf7 Qa8 33. Be7 Qc6
34. Rd1 Be5 35. Nc4 Qa4 36. Nxe5 1-0

[Event "Ukrainian Championship Club's Teams"]
[Site "Alushta"]
[Date "2008.05.28"]
[Round "9.3"]
[White "Nosov, Maxim"]
[Black "Khadzh Khamed, Naser"]
[Result "0-1"]
[WhiteElo "2183"]
[BlackElo "2000"]
[PlyCount "108"]
[EventDate "2008.05.21"]

1. e4 b6 2. d4 Bb7 3. Nc3 g6 4. Nf3 Bg7 5. Bg5 d6 6. Qd2 Nd7 7. h4 h6 8. Be3 c5
9. Bc4 cxd4 10. Nxd4 Rc8 11. Bd5 Bxd5 12. exd5 Ngf6 13. Nc6 Rxc6 14. dxc6 Ne5
15. Nd5 Nxc6 16. Nxf6+ Bxf6 17. c3 Qd7 18. h5 g5 19. O-O Qg4 20. Qd1 Qh4 21. g3
Qh3 22. Bd4 Nxd4 23. cxd4 g4 24. Rc1 O-O 25. Rc7 Qxh5 26. Rxa7 Bg5 27. Rb7 Kh8
28. Rxb6 f5 29. f4 gxf3 30. Qxf3 Qh3 31. Rb3 Bf6 32. Rd3 Rg8 33. Kf2 Rxg3 34.
Qa8+ Kh7 35. Rxg3 Bxd4+ 36. Ke2 Qxg3 37. Qf3 Qe5+ 38. Kd3 Bxb2 39. Qxf5+ Qxf5+
40. Rxf5 Kg6 41. Rf2 Ba3 42. Kc4 h5 43. Kd5 e5 44. Rf3 Bc5 45. a4 h4 46. a5 Kg5
47. a6 Kg4 48. Rf1 h3 49. a7 Bxa7 50. Kxd6 e4 51. Ke5 e3 52. Ke4 Kg3 53. Rg1+
Kf2 54. Rh1 Kg2 0-1

[Event "Ukrainian Championship Club's Teams"]
[Site "Alushta"]
[Date "2008.05.28"]
[Round "9.3"]
[White "Brusilovskiy, Boris"]
[Black "Tichonov, Jiri"]
[Result "1/2-1/2"]
[WhiteElo "2103"]
[BlackElo "2156"]
[PlyCount "94"]
[EventDate "2008.05.21"]

1. e4 c5 2. Nf3 d6 3. d4 cxd4 4. Nxd4 Nf6 5. Nc3 a6 6. a4 e6 7. Be2 Be7 8. O-O
O-O 9. Be3 Nc6 10. f4 Qc7 11. Kh1 Bd7 12. Nb3 b6 13. Qe1 Bc8 14. Qg3 Nd7 15. f5
Bf6 16. Bf4 Nde5 17. Rad1 Kh8 18. Rd2 Re8 19. Rfd1 Rd8 20. Bg5 Bxg5 21. Qxg5 f6
22. Qh5 Qe7 23. h3 Na5 24. Nd4 exf5 25. exf5 d5 26. Nf3 Bb7 27. Nxd5 Bxd5 28.
Rxd5 Rxd5 29. Rxd5 Nac4 30. Nh4 Kg8 31. Ng6 Qb7 32. Nf4 Nxb2 33. Bf3 Qe7 34.
Rd4 Rd8 35. Bd5+ Kh8 36. Re4 Rxd5 37. Rxe5 Rd1+ 38. Qxd1 fxe5 39. Qd5 Qe8 40.
Ne6 Nxa4 41. Qxe5 Qf7 42. Ng5 Qf8 43. Ne6 Qf7 44. Ng5 Qf8 45. Qe6 Nc5 46. Qxb6
h6 47. Ne6 Nxe6 1/2-1/2

[Event "Ukrainian Championship Club's Teams"]
[Site "Alushta"]
[Date "2008.05.28"]
[Round "9.3"]
[White "Gusev, Dmitriy"]
[Black "Sergeev, Vitalij"]
[Result "0-1"]
[WhiteElo "2103"]
[BlackElo "2111"]
[PlyCount "104"]
[EventDate "2008.05.21"]

1. e4 c5 2. Nf3 Nc6 3. d4 cxd4 4. Nxd4 Nf6 5. Nc3 g6 6. f3 Bg7 7. Be3 O-O 8.
Nb3 a6 9. Qd2 b5 10. Bh6 d6 11. Bxg7 Kxg7 12. g4 Be6 13. Nd4 Qb6 14. O-O-O Rac8
15. Kb1 Qa5 16. Nxc6 Rxc6 17. g5 Nd7 18. Nd5 Qxd2 19. Rxd2 Bxd5 20. exd5 Rc5
21. f4 h6 22. h4 Rh8 23. Bg2 hxg5 24. hxg5 Rxh1+ 25. Bxh1 Rc4 26. Rf2 f6 27. b3
Rd4 28. gxf6+ Nxf6 29. Kc1 Nxd5 30. Bxd5 Rxd5 31. c3 Kf6 32. Kc2 a5 33. a3 Rf5
34. Kd3 Kf7 35. Ke4 e5 36. Kd5 exf4+ 37. Kxd6 g5 38. c4 bxc4 39. bxc4 Kg6 40.
c5 f3 41. c6 Rf6+ 42. Kd5 g4 43. c7 Rf8 44. Ke4 Kg5 45. Rc2 Re8+ 46. Kd3 g3 47.
c8=Q Rxc8 48. Rxc8 g2 49. Rg8+ Kf4 50. Rf8+ Ke5 51. Rxf3 g1=Q 52. Kc3 Qc1+ 0-1

[Event "Ukrainian Championship Club's Teams"]
[Site "Alushta"]
[Date "2008.05.28"]
[Round "9.3"]
[White "Jary, Sergey"]
[Black "Kolesov, Eugeny"]
[Result "1/2-1/2"]
[WhiteElo "2172"]
[BlackElo "2002"]
[PlyCount "129"]
[EventDate "2008.05.21"]

1. d4 Nf6 2. Nf3 e6 3. g3 b6 4. Bg2 Bb7 5. c4 Bb4+ 6. Bd2 Be7 7. Nc3 d5 8. O-O
O-O 9. Qb3 dxc4 10. Qxc4 c5 11. Rfd1 Qc8 12. Rac1 cxd4 13. Qxc8 Rxc8 14. Nb5
Na6 15. Nfxd4 Bxg2 16. Kxg2 Bc5 17. a3 Bxd4 18. Nxd4 Nc5 19. b4 Nce4 20. Nc6
Kf8 21. Be1 Nd5 22. Kg1 Ne7 23. Nd4 Rxc1 24. Rxc1 Rc8 25. Rxc8+ Nxc8 26. b5 Ke8
27. f3 Ned6 28. a4 Kd7 29. e4 Nc4 30. Bc3 Ne7 31. Nb3 g6 32. Kf2 f5 33. Ke2 Kd6
34. Nd4 e5 35. Nc2 Ke6 36. Kd3 Nd6 37. Ne3 Nb7 38. Bb4 Ng8 39. exf5+ gxf5 40.
g4 fxg4 41. fxg4 Nf6 42. h4 Nd7 43. Kc4 Nf6 44. Kd3 Nd7 45. Kc4 Nf6 46. g5 Ne4
47. Be1 Nbc5 48. Bb4 Nxa4 49. Ba3 Nac5 50. Bxc5 Nxc5 51. h5 Ne4 52. g6 hxg6 53.
hxg6 Nd6+ 54. Kb4 Kf6 55. Ng4+ Kxg6 56. Nxe5+ Kf5 57. Nc6 Nc8 58. Kc4 Ke4 59.
Nb8 Nd6+ 60. Kb4 Kd5 61. Nd7 Nb7 62. Nb8 Nc5 63. Nc6 a6 64. Ne7+ Ke6 65. bxa6
1/2-1/2

[Event "Ukrainian Championship Club's Teams"]
[Site "Alushta"]
[Date "2008.05.28"]
[Round "9.3"]
[White "Majboroda, Evgenija"]
[Black "Strygin, Alexandr"]
[Result "1/2-1/2"]
[WhiteElo "2029"]
[BlackElo "1814"]
[PlyCount "43"]
[EventDate "2008.05.21"]

1. d4 d5 2. Nf3 Nf6 3. c4 e6 4. Bg5 Be7 5. Nc3 O-O 6. e3 a6 7. cxd5 exd5 8. Be2
c6 9. O-O Nbd7 10. Qc2 Ne4 11. Bxe7 Qxe7 12. Bd3 Ndf6 13. Rab1 g6 14. Ne2 Bg4
15. Ne5 Bf5 16. b4 Nd6 17. a4 Bxd3 18. Qxd3 Nfe4 19. Ng3 f6 20. Nf3 Rae8 21.
Rfc1 f5 22. Ne5 1/2-1/2

[Event "Ukrainian Championship Club's Teams"]
[Site "Alushta"]
[Date "2008.05.28"]
[Round "9.4"]
[White "Jakimov, Vladimir"]
[Black "Ivanov, Andrey A"]
[Result "1-0"]
[WhiteElo "2434"]
[BlackElo "2360"]
[PlyCount "25"]
[EventDate "2008.05.21"]

1. e4 e5 2. Bc4 Nf6 3. d4 Nxe4 4. dxe5 Qh4 5. Qf3 f6 6. Bd5 Nc5 7. Bf4 fxe5 8.
Bxe5 Qe7 9. Qh5+ Kd8 10. Nc3 Nc6 11. Bxc6 bxc6 12. O-O-O d6 13. Bxd6 1-0

[Event "Ukrainian Championship Club's Teams"]
[Site "Alushta"]
[Date "2008.05.28"]
[Round "9.4"]
[White "Razin, Vadim"]
[Black "Golovlev, Nikolay"]
[Result "1-0"]
[WhiteElo "2270"]
[BlackElo "2336"]
[PlyCount "121"]
[EventDate "2008.05.21"]

1. d4 Nf6 2. Nf3 d5 3. c4 e6 4. Bg5 Bb4+ 5. Nc3 h6 6. Bh4 dxc4 7. e3 b5 8. a4
c6 9. Be2 Bb7 10. O-O a6 11. Qc2 Nbd7 12. Rfd1 Qb6 13. e4 O-O 14. Ne5 Rfe8 15.
Kh1 Bf8 16. f4 Rac8 17. Nxf7 Kxf7 18. e5 Kg8 19. exf6 gxf6 20. Qg6+ Bg7 21. Ne4
Rf8 22. Bg4 c5 23. dxc5 Nxc5 24. Nxf6+ Rxf6 25. Bxf6 Qc7 26. axb5 axb5 27. Bxg7
Qxg7 28. Bxe6+ Nxe6 29. Qxe6+ Kh8 30. Rd2 Rg8 31. Qe5 b4 32. Qxg7+ Rxg7 33. Rc1
Rc7 34. Rd8+ Kg7 35. Rd4 Ba6 36. Rd6 Bc8 37. Rb6 c3 38. Rxb4 c2 39. h3 Bf5 40.
Rd4 h5 41. Kh2 h4 42. g4 hxg3+ 43. Kxg3 Rb7 44. b4 Ra7 45. Rd6 Rb7 46. Rd5 Be4
47. Rd4 Bf5 48. Rc4 Bd3 49. Rc3 Bf5 50. Rc5 Be4 51. b5 Kf6 52. h4 Rg7+ 53. Kf2
Rg2+ 54. Ke3 Bf5 55. Rc6+ Kf7 56. Kd4 Re2 57. b6 Re4+ 58. Kc5 Re3 59. b7 Rc3+
60. Kb6 Rb3+ 61. Kc7 1-0